|
|
|
|
| LEADER |
00000nam0a2200000 4500 |
| 001 |
162356 |
| 005 |
20231031160336.0 |
| 035 |
|
|
|a (RuTPU)RU\TPU\book\176081
|
| 090 |
|
|
|a 162356
|
| 100 |
|
|
|a 20090620d1976 km y0rusy50 ca
|
| 101 |
0 |
|
|a rus
|
| 102 |
|
|
|a RU
|
| 105 |
|
|
|a a z 001zy
|
| 200 |
1 |
|
|a Модели и методы автоматического чтения
|f В. С. Переверзев-Орлов
|g Академия наук СССР (АН СССР), Институт проблем передачи информации (ИППИ)
|
| 210 |
|
|
|a Москва
|c Наука
|d 1976
|
| 215 |
|
|
|a 216 с.
|c ил.
|
| 320 |
|
|
|a Библиогр.: с. 205-213.
|
| 610 |
1 |
|
|a вычислительная техника
|
| 610 |
1 |
|
|a автоматные распознаватели
|
| 610 |
1 |
|
|a читающие устройства
|
| 610 |
1 |
|
|a распознавание образов
|
| 610 |
1 |
|
|a распознавание изображений
|
| 610 |
1 |
|
|a распознающие автоматы
|
| 610 |
1 |
|
|a методы
|
| 610 |
1 |
|
|a модели
|
| 675 |
|
|
|a 681.327.12
|v 3
|
| 700 |
|
1 |
|a Переверзев-Орлов
|b В. С.
|g Вячеслав Сергеевич
|
| 712 |
0 |
2 |
|a Академия наук СССР (АН СССР)
|b Институт проблем передачи информации (ИППИ)
|c (Москва)
|2 stltpush
|3 (RuTPU)RU\TPU\col\12444
|
| 801 |
|
1 |
|a RU
|b 63413507
|c 20090620
|g PSBO
|
| 801 |
|
2 |
|a RU
|b 63413507
|c 20161017
|g RCR
|
| 942 |
|
|
|c BK
|